[Event "Brussels FEFB op"]
[Site "Brussels"]
[Date "2011.06.04"]
[Round "6"]
[White "De Smet, Karl B"]
[Black "Busquets Perez, Luis"]
[Result "1/2-1/2"]
[WhiteElo "1621"]
[BlackElo "1889"]
[PlyCount "69"]
[EventDate "2011.06.01"]
[EventType "swiss"]
[EventRounds "7"]
[EventCountry "BEL"]
[SourceTitle "EXT 2015"]
[Source "ChessBase"]
[SourceDate "2014.11.20"]
[SourceVersion "1"]
[SourceVersionDate "2014.11.20"]
[SourceQuality "1"]

1. g3 Nf6 2. Nf3 Nc6 3. Bg2 e5 4. d3 d5 5. 0-0 Bd6 6. Nc3 a6 7. a3 d4 8. Nb1 Bd7 9. Nbd2 Qc8 10. Nc4 Bh3 11. Nxd6+ cxd6 12. Bg5 Bxg2 13. Kxg2 Qe6 14. e4 h6 15. Bd2 0-0 16. Qe2 Nh7 17. h3 f5 18. exf5 Rxf5 19. Nh4 Rf6 20. Kh2 Raf8 21. Rae1 Qf7 22. f4 g5 23. Ng2 gxf4 24. gxf4 Ng5 25. Qg4 Kh7 26. Nh4 exf4 27. Nf3 Nxf3+ 28. Qxf3 Ne5 29. Qe4+ Kh8 30. Rf2 Qh5 31. Rg1 R8f7 32. Rgg2 Rf5 33. Qxd4 Rg5 34. Bxf4 Rxg2+ 35. Rxg2 1/2-1/2